书目信息 |
| 题名: |
衣橱里的女孩
|
|
| 作者: | 介朗 , 托朗 著 ;陈思宇 译 | |
| 分册: | ||
| 出版信息: | 南京 江苏凤凰文艺出版社 2020.5 |
|
| 页数: | 261页 | |
| 开本: | 21cm | |
| 丛书名: | ||
| 单 册: | ||
| 中图分类: | B845.67 | |
| 科图分类: | ||
| 主题词: | 伤害--关系--心理健康--通俗读物 | |
| 电子资源: | ||
| ISBN: | 978-7-5594-0443-5 | |
| 000 | 01389nam0 2200325 45 | |
| 001 | 012001000925 | |
| 005 | 20140820105243.0 | |
| 010 | @a978-7-5594-0443-5@dCNY39.00 | |
| 099 | @aCAL 012017097954 | |
| 100 | @a20170531d2017 em y0chiy0110 ea | |
| 101 | 1 | @achi@cfre |
| 102 | @aCN@b110000 | |
| 105 | @ay z 000yy | |
| 106 | @ar | |
| 200 | 1 | @a衣橱里的女孩@Ayi chu li de nv hai@d= Aimer donner pardonner@f(法) 弗朗丝·盖兰, (法) 尼古拉斯·托朗著@g陈思宇译@zfre |
| 210 | @a南京@c江苏凤凰文艺出版社@d2020.5 | |
| 215 | @a261页@d21cm | |
| 314 | @a弗朗丝·盖兰 (France Guerin), 本书主人公的原型, 一个被继母虐待、锁在衣橱里的女孩。 | |
| 314 | @a尼古拉斯·托朗 (Nicolas Torrent), 被弗朗丝故事感动的一名法国记者。 | |
| 314 | @a责任者Guerin规范汉译姓: 介朗 | |
| 330 | @a本书是一个心理疗愈故事, 改编自一个女孩真实的经历, 故事的主角弗朗丝在童年时期不曾得到原生家庭的一点善待, 她被继母锁在衣橱里、被逼着做繁重的家务。在她长大以后, 终于有能力把命运窝在自己的手中时, 她一步步化解了心中的伤痛, 拥有了幸福的家庭。 | |
| 333 | @a心理学爱好者及相关读者。 | |
| 500 | 10 | @aAimer donner pardonner@mChinese |
| 606 | 0 | @a伤害@x关系@x心理健康@j通俗读物 |
| 690 | @aB845.67@v5 | |
| 701 | 1 | @a介朗@Ajie lang@g(Guerin, France)@4著 |
| 701 | 1 | @a托朗@Atuo lang@g(Torrent, Nicolas)@4著 |
| 702 | 0 | @a陈思宇@Achen si yu@4译 |
| 801 | @aCN@bAHXH@c20210922 | |
| 905 | @b1250400-4@dB845.67@e3845@f5 | |
| 衣橱里的女孩= Aimer donner pardonner/(法) 弗朗丝·盖兰, (法) 尼古拉斯·托朗著/陈思宇译.-南京:江苏凤凰文艺出版社,2020.5 |
| 261页;21cm |
| 使用对象:心理学爱好者及相关读者。 |
| ISBN 978-7-5594-0443-5:CNY39.00 |
| 本书是一个心理疗愈故事, 改编自一个女孩真实的经历, 故事的主角弗朗丝在童年时期不曾得到原生家庭的一点善待, 她被继母锁在衣橱里、被逼着做繁重的家务。在她长大以后, 终于有能力把命运窝在自己的手中时, 她一步步化解了心中的伤痛, 拥有了幸福的家庭。 |
| ● |
| 相关链接 |
|
|
|
|
正题名:衣橱里的女孩
索取号:B845.67/3845
 
预约/预借
| 序号 | 登录号 | 条形码 | 馆藏地/架位号 | 状态 | 备注 |
| 1 | 1250400 | 212504002 | 第一样本阅览室/ [索取号:B845.67/3845] | 在馆 | |
| 2 | 1250401 | 212504011 | 教育系资料室/ [索取号:B845.67/3845] | 在馆 | |
| 3 | 1250402 | 212504020 | 教育系资料室/ [索取号:B845.67/3845] | 在馆 | |
| 4 | 1250403 | 212504039 | 第一借阅区/ [索取号:B845.67/3845] | 在馆 | |
| 5 | 1250404 | 212504048 | 第一借阅区/ [索取号:B845.67/3845] | 在馆 |